| 000 | 00883nam a2200253Ia 4500 | ||
|---|---|---|---|
| 001 | 18151 | ||
| 003 | GE_BSU | ||
| 008 | 181216s||||||||xx |||||||||||||| ||und|| | ||
| 020 | _a99928-79-93-4 | ||
| 040 | _cGE_BSU | ||
| 080 | _a811.353.1'373.6 | ||
| 100 | _aფეიქრიშვილი, ჟუჟუნა | ||
| 245 | _aეტიმოლოგიური ძიებანი. ნაკვეთი 1 | ||
| 245 | _cრედ.: ლ. კვანტალიანი | ||
| 260 | _aქუთაისი | ||
| 260 | _bქუთაისის უნ-ტის გამ-ბა | ||
| 260 | _c2005 | ||
| 300 | _a96 გვ.20სმ. | ||
| 541 | _h5ლ. | ||
| 653 | _aეტიმოლოგიური ძიებანი | ||
| 653 | _aქართული ენა | ||
| 653 | _aქართული ენის ეტიმოლოგია | ||
| 942 | _cBK | ||
| 999 |
_c51192 _d51192 |
||